[Event "FRA Cup 0708"]
[Site "FRA"]
[Date "2008.04.27"]
[Round "?"]
[White "Jung, P."]
[Black "Morariu, Ioana"]
[Result "1/2-1/2"]
[WhiteElo "2032"]
[BlackElo "2094"]
[PlyCount "56"]
[EventDate "2008.05.25"]
[EventType "team-match"]
[EventCountry "FRA"]

1. d4 Nf6 2. Nf3 g6 3. c4 Bg7 4. Nc3 O-O 5. e4 d6 6. Be2 c6 7. O-O e5 8. Be3
Nbd7 9. d5 c5 10. Ne1 a6 11. a3 Ne8 12. g3 f5 13. exf5 gxf5 14. f4 exf4 15.
gxf4 Qe7 16. Qd2 Nef6 17. Ng2 Ne4 18. Nxe4 Qxe4 19. Rae1 Qe7 20. Bd3 Qf6 21.
Re2 Re8 22. Qc2 Nf8 23. Rfe1 Bd7 24. Bf2 Rxe2 25. Rxe2 Ng6 26. Qb3 Rb8 27. Qb6
Qd8 28. Qxd8+ Rxd8 1/2-1/2

[Event "FRA Cup 0708"]
[Site "FRA"]
[Date "2008.03.30"]
[Round "3"]
[White "Grimmer, Jonathan"]
[Black "Carassus, Jean Louis"]
[Result "1-0"]
[WhiteElo "2020"]
[BlackElo "1820"]
[PlyCount "53"]
[EventDate "2008.05.25"]
[EventType "team-match"]
[EventCountry "FRA"]

1. e4 e5 2. Nf3 d6 3. d4 exd4 4. Nxd4 Nf6 5. Nc3 Be7 6. Be2 Nbd7 7. g4 Nc5 8.
f3 Nfd7 9. Nf5 Bh4+ 10. Kf1 Ne6 11. Nd5 g6 12. Nxh4 Qxh4 13. Be3 Nb6 14. Kg2
Nxd5 15. exd5 Nc5 16. Bxc5 dxc5 17. Bb5+ Bd7 18. Re1+ Kd8 19. Qe2 a6 20. Qe5
Rg8 21. Bxd7 Kxd7 22. d6 cxd6 23. Rad1 Rad8 24. Qxd6+ Kc8 25. Qxc5+ Kb8 26. Re7
Rc8 27. Rxb7+ 1-0

[Event "FRA Cup 0708"]
[Site "FRA"]
[Date "2008.03.30"]
[Round "?"]
[White "Iwanesko, Alexandre"]
[Black "Cordier, Michel"]
[Result "1-0"]
[WhiteElo "2010"]
[BlackElo "1570"]
[PlyCount "93"]
[EventDate "2008.05.25"]
[EventType "team-match"]
[EventCountry "FRA"]

1. e4 e6 2. d4 d5 3. Nc3 Nf6 4. Bg5 Be7 5. e5 Nfd7 6. Bxe7 Qxe7 7. f4 a6 8. Nf3
c5 9. Qd2 Nc6 10. O-O-O b5 11. g4 b4 12. Ne2 c4 13. c3 bxc3 14. Nxc3 Rb8 15. f5
Na7 16. g5 Nb5 17. g6 Nxc3 18. Qxc3 hxg6 19. fxg6 f6 20. exf6 Nxf6 21. Re1 Ne4
22. Rxe4 dxe4 23. Ne5 Qb4 24. h4 Qxc3+ 25. bxc3 Bd7 26. Bxc4 Rb6 27. h5 Ke7 28.
h6 Rxh6 29. Rxh6 gxh6 30. Be2 a5 31. Bh5 Rb8 32. Kd2 Rb2+ 33. Ke3 Rxa2 34. g7
Rg2 35. Bg6 Rxg6 36. Nxg6+ Kf7 37. Ne5+ Kxg7 38. Nxd7 a4 39. Nc5 a3 40. Nb3 a2
41. Kxe4 h5 42. Kf4 Kf6 43. Kg3 Ke7 44. c4 Kd6 45. Kf3 h4 46. Kg4 e5 47. d5 1-0

[Event "FRA Cup 0708"]
[Site "FRA"]
[Date "2008.03.30"]
[Round "?"]
[White "Woloszyn, Florent"]
[Black "Sadones, Olivier"]
[Result "1-0"]
[WhiteElo "1986"]
[BlackElo "1499"]
[PlyCount "59"]
[EventDate "2008.05.25"]
[EventType "team-match"]
[EventCountry "FRA"]

1. d4 d5 2. Nf3 Bf5 3. c4 e6 4. Qb3 b6 5. Bf4 Bd6 6. Bxd6 Qxd6 7. Nc3 Nf6 8. e3
Nbd7 9. Be2 O-O 10. O-O Rab8 11. Nb5 Qe7 12. Nxa7 Rb7 13. Nc6 Qd6 14. cxd5 exd5
15. Ba6 Qxc6 16. Rac1 Nc5 17. dxc5 Rbb8 18. Bb5 Qe6 19. Nd4 Qc8 20. Nc6 Qe6 21.
Nxb8 Rxb8 22. cxb6 Qxb6 23. Ba4 Bd7 24. Qxb6 cxb6 25. Bxd7 Nxd7 26. Rfd1 Nf6
27. Rc6 Kf8 28. Rd3 Ke7 29. Rb3 Nd7 30. Rb5 1-0

[Event "FRA Cup 0708"]
[Site "FRA"]
[Date "2008.02.17"]
[Round "?"]
[White "Pokee, Anne Josephe"]
[Black "David, Martin"]
[Result "1-0"]
[WhiteElo "1984"]
[BlackElo "1580"]
[PlyCount "48"]
[EventDate "2008.05.25"]
[EventType "team-match"]
[EventCountry "FRA"]

1. e4 e5 2. Nf3 Nc6 3. d4 exd4 4. Bc4 Be7 5. c3 dxc3 6. Qd5 Nh6 7. Bxh6 O-O 8.
Bc1 Nb4 9. Qd1 c2 10. Qd2 cxb1=Q 11. Rxb1 Nc6 12. O-O Bf6 13. b4 Ne5 14. Nxe5
Bxe5 15. f4 Bf6 16. e5 Be7 17. f5 d6 18. f6 gxf6 19. Qh6 dxe5 20. Be3 f5 21.
Rbd1 Bd6 22. Bg5 Be7 23. Rxd8 Bxd8 24. Bxd8 Rxd8 1-0

[Event "FRA Cup 0607"]
[Site "Toulouse"]
[Date "2008.01.13"]
[Round "1"]
[White "Parisse, Denis"]
[Black "Riviere, Frederic"]
[Result "1/2-1/2"]
[WhiteElo "1960"]
[BlackElo "1870"]
[PlyCount "35"]
[EventDate "2007.??.??"]
[EventType "team-match"]
[EventCountry "FRA"]

1. e4 e5 2. f4 Bc5 3. Nf3 d6 4. Nc3 Nf6 5. Bc4 Nc6 6. f5 Ng4 7. Rf1 Nxh2 8. Rh1
Nxf3+ 9. Qxf3 Nd4 10. Qh5 Qd7 11. Kd1 c6 12. Ne2 b5 13. Bb3 a5 14. a3 a4 15.
Ba2 g6 16. Qh6 gxf5 17. Qf6 Rf8 18. Rxh7 1/2-1/2

[Event "FRA Cup 0708"]
[Site "FRA"]
[Date "2008.04.27"]
[Round "?"]
[White "Doyen, Jean Marie"]
[Black "Devos, Herve"]
[Result "0-1"]
[WhiteElo "1900"]
[BlackElo "1891"]
[PlyCount "48"]
[EventDate "2008.05.25"]
[EventType "team-match"]
[EventCountry "FRA"]

1. d4 Nf6 2. c4 e5 3. d5 Bc5 4. Bg5 Ne4 5. Be3 Bxe3 6. Qd3 Bxf2+ 7. Kd1 Bxg1 8.
Qxe4 Bd4 9. Nc3 Bxc3 10. bxc3 d6 11. e3 f5 12. Qc2 Na6 13. g3 Nc5 14. Be2 Qg5
15. Qc1 O-O 16. Rf1 Bd7 17. Kc2 Qg6 18. Kb2 a5 19. Ka3 Qe8 20. Rb1 c6 21. Qd2
Ne4 22. Qd3 cxd5 23. Bf3 dxc4 24. Qc2 Bc6 0-1

[Event "FRA Cup 0708"]
[Site "FRA"]
[Date "2008.04.27"]
[Round "?"]
[White "Partinico, Jeremy"]
[Black "Franca, Ricardo Bedin"]
[Result "0-1"]
[WhiteElo "1895"]
[BlackElo "2232"]
[PlyCount "82"]
[EventDate "2008.05.25"]
[EventType "team-match"]
[EventCountry "FRA"]

1. e4 c5 2. Nf3 d6 3. Bb5+ Bd7 4. Bxd7+ Qxd7 5. c4 Nf6 6. Nc3 e6 7. d4 cxd4 8.
Nxd4 Be7 9. O-O O-O 10. Be3 Nc6 11. f3 a6 12. Qd2 Rfd8 13. Nde2 Ne5 14. b3 b5
15. cxb5 axb5 16. Bd4 Qb7 17. Qg5 Nxe4 18. Qh5 Nf6 19. Qg5 h6 20. Qg3 Nc6 21.
Be3 Kh8 22. f4 d5 23. Rad1 Bb4 24. Bd4 Nxd4 25. Nxd4 Bxc3 26. Qxc3 Rxa2 27. Qb4
Rb8 28. Rc1 Ne4 29. f5 e5 30. f6 Qa7 31. fxg7+ Kxg7 32. Rcd1 exd4 33. Kh1 Nf2+
34. Rxf2 Rxf2 35. Qd6 Rf5 36. g4 Rg5 37. h4 Rg6 38. Qe5+ Kg8 39. h5 Re6 40. Qf4
Rbe8 41. Kg2 Qb8 0-1

[Event "FRA Cup 0708"]
[Site "FRA"]
[Date "2008.02.17"]
[Round "?"]
[White "Ouerk, Yanis"]
[Black "Luneau, Gilles"]
[Result "1-0"]
[WhiteElo "1875"]
[BlackElo "1895"]
[PlyCount "85"]
[EventDate "2008.05.25"]
[EventType "team-match"]
[EventCountry "FRA"]

1. e4 c5 2. Nf3 e6 3. d4 cxd4 4. Nxd4 Nf6 5. Nc3 a6 6. e5 Ng8 7. Be3 Qc7 8. f4
Nc6 9. Nxc6 Qxc6 10. Qd4 Nh6 11. Bd3 Ng4 12. Bg1 f5 13. exf6 Nxf6 14. Ne4 Be7
15. O-O-O d5 16. Ng5 Bd7 17. Bxh7 Rxh7 18. Nxh7 Rc8 19. Nxf6+ Bxf6 20. Qd3 Qa4
21. Kb1 Bb5 22. Qg6+ Kf8 23. Be3 Bc4 24. b3 Qb4 25. Bd4 Bxb3 26. axb3 Bxd4 27.
Qxe6 Rxc2 28. Qf5+ Bf6 29. Qxc2 Qa3 30. Qa2 Qb4 31. Qa4 Qc3 32. Qa3+ Kf7 33.
Rxd5 b5 34. Rc1 Qe3 35. Rd7+ Kg6 36. f5+ Kxf5 37. Qc5+ Qxc5 38. Rxc5+ Ke4 39.
Kc2 Ke3 40. Rc6 Kf2 41. Rd2+ Ke3 42. Rxf6 gxf6 43. Rd6 1-0

[Event "FRA Cup 0708"]
[Site "FRA"]
[Date "2008.02.17"]
[Round "?"]
[White "Boukhris, Yacine"]
[Black "Garrel, Alain"]
[Result "1-0"]
[WhiteElo "1850"]
[BlackElo "2154"]
[PlyCount "59"]
[EventDate "2008.05.25"]
[EventType "team-match"]
[EventCountry "FRA"]

1. e4 d5 2. exd5 Qxd5 3. Nc3 Qd6 4. d4 Nf6 5. Be2 a6 6. Bf3 Nc6 7. Nge2 Bf5 8.
a3 e6 9. Bf4 Qd7 10. Na2 Bd6 11. Bxd6 Qxd6 12. O-O g5 13. g3 h5 14. b4 h4 15.
Re1 O-O-O 16. c3 Be4 17. Nec1 Qd5 18. Bxe4 Nxe4 19. Qb3 Qf5 20. Qc2 Nxg3 21.
Qxf5 Nxf5 22. Nb3 Nce7 23. a4 Nd5 24. b5 axb5 25. axb5 h3 26. c4 Nf4 27. Nb4
Nh4 28. Nc5 Kb8 29. Reb1 Rxd4 30. Nc6+ 1-0

[Event "FRA Cup 0708"]
[Site "FRA"]
[Date "2008.03.30"]
[Round "?"]
[White "Rouede, Gilbert"]
[Black "Beaurain, Jerome"]
[Result "0-1"]
[WhiteElo "1834"]
[BlackElo "2066"]
[PlyCount "78"]
[EventDate "2008.05.25"]
[EventType "team-match"]
[EventCountry "FRA"]

1. e4 c5 2. Nf3 Nc6 3. d4 cxd4 4. Nxd4 Nf6 5. Nc3 e5 6. Ndb5 d6 7. Bg5 a6 8.
Na3 b5 9. Nd5 Be7 10. Bxf6 Bxf6 11. c3 Bg5 12. Nc2 Ne7 13. Nce3 O-O 14. Be2 Rb8
15. O-O Be6 16. Nxe7+ Qxe7 17. Nd5 Qb7 18. Qd3 Bxd5 19. exd5 f5 20. Rad1 Rbc8
21. b3 e4 22. Qg3 Qe7 23. f4 exf3 24. Qxf3 Qe3+ 25. Kh1 Rxc3 26. Qxe3 Bxe3 27.
Bd3 f4 28. Be4 Rfc8 29. g3 g5 30. Kg2 Kg7 31. Rf3 Re8 32. Bf5 Re5 33. g4 Rc5
34. h4 gxh4 35. Rh1 Rexd5 36. Rxh4 Rd2+ 37. Kh3 h6 38. Rf1 Rc3 39. Rh5 Bg1+ 0-1

[Event "FRA Cup 0708"]
[Site "FRA"]
[Date "2008.03.30"]
[Round "3"]
[White "Grimal, Richard"]
[Black "Boukhris, Yacine"]
[Result "0-1"]
[WhiteElo "1831"]
[BlackElo "1850"]
[PlyCount "86"]
[EventDate "2008.05.25"]
[EventType "team-match"]
[EventCountry "FRA"]

1. e4 e6 2. d4 d5 3. exd5 exd5 4. Bd3 Nc6 5. c3 Bd6 6. Nf3 Bg4 7. O-O Nge7 8.
Re1 Qd7 9. Nbd2 O-O-O 10. Bb5 f6 11. a3 g5 12. b4 Bh5 13. Nb3 Ng6 14. Qd3 g4
15. Nfd2 Nf4 16. Qf1 Rde8 17. Bb2 Rxe1 18. Rxe1 Re8 19. Nc5 Rxe1 20. Qxe1 Qe7
21. Qxe7 Nxe7 22. Bd7+ Kd8 23. Bb5 Kc8 24. Ndb3 c6 25. Bf1 Bf7 26. b5 Ne6 27.
Bd3 h5 28. bxc6 bxc6 29. Ba6+ Kc7 30. g3 Nc8 31. Nd3 Nb6 32. Bc1 Nc4 33. Nb4
Kb6 34. Bxc4 dxc4 35. Nd2 Nc7 36. Ne4 Be7 37. Be3 Bd5 38. Nd2 Nb5 39. Nxd5+
cxd5 40. Nb1 Nxa3 41. Nxa3 Bxa3 42. Kf1 Bb2 43. Bd2 Kb5 0-1

[Event "FRA Cup 0708"]
[Site "FRA"]
[Date "2008.02.17"]
[Round "?"]
[White "Garrel, Pascal"]
[Black "Pastorelli, Loic"]
[Result "1-0"]
[WhiteElo "1810"]
[BlackElo "1809"]
[PlyCount "132"]
[EventDate "2008.05.25"]
[EventType "team-match"]
[EventCountry "FRA"]

1. d4 Nf6 2. c4 d6 3. Nc3 e5 4. dxe5 dxe5 5. Qxd8+ Kxd8 6. Nf3 Nfd7 7. Ng5 Ke8
8. a3 c6 9. b4 h6 10. Nf3 Na6 11. Bb2 f6 12. e3 Nc7 13. Bd3 Nb6 14. Bg6+ Ke7
15. c5 Nbd5 16. Ne4 Ne8 17. Nh4 h5 18. Ng3 Nec7 19. Bxh5 Rxh5 20. Nxh5 Kf7 21.
e4 Ne7 22. O-O Ne8 23. Ng3 g6 24. Rad1 Be6 25. Rd2 Ng8 26. Rfd1 Be7 27. h3 Ng7
28. Nf3 Bb3 29. Rc1 Ke8 30. Rc3 Be6 31. Nh4 Kf7 32. Rf3 g5 33. Nhf5 Nxf5 34.
Nxf5 Bxf5 35. exf5 Ke8 36. Rfd3 Rd8 37. Rxd8+ Bxd8 38. Rd6 Bc7 39. Rd3 Ne7 40.
g4 Nd5 41. b5 Ke7 42. bxc6 bxc6 43. Rb3 Kd8 44. Bc1 Kc8 45. h4 gxh4 46. Rh3 Bd8
47. Rxh4 Kb7 48. Rh7+ Ka6 49. Rd7 Be7 50. Rxe7 Nxe7 51. g5 fxg5 52. f6 Ng6 53.
Bxg5 Kb5 54. f7 Kxc5 55. Be7+ Kd4 56. f8=Q Nxf8 57. Bxf8 c5 58. Kf1 c4 59. Ke2
a5 60. Bg7 Ke4 61. f3+ Kf4 62. Bh6+ Kg3 63. a4 c3 64. Kd3 Kxf3 65. Kxc3 e4 66.
Kc4 e3 1-0

[Event "FRA Cup 0607"]
[Site "Toulouse"]
[Date "2008.01.13"]
[Round "1"]
[White "Dirat, S."]
[Black "Dufor, Jean Francois"]
[Result "1/2-1/2"]
[WhiteElo "1810"]
[BlackElo "1600"]
[PlyCount "71"]
[EventDate "2007.??.??"]
[EventType "team-match"]
[EventCountry "FRA"]

1. d4 d5 2. Bg5 Bf5 3. Nf3 Nc6 4. a3 Qd6 5. e3 f6 6. Bf4 e5 7. Bg3 g5 8. dxe5
fxe5 9. Nxg5 Bg6 10. Bd3 Bxd3 11. Qxd3 Nh6 12. Nc3 Ne7 13. O-O-O O-O-O 14. Nb5
Qf6 15. Nxh7 Qg7 16. Nxf8 Rhxf8 17. Nxa7+ Kb8 18. Nb5 Nhf5 19. Qc3 Nc6 20. Qc5
Nxg3 21. fxg3 Qd7 22. Rdf1 Rxf1+ 23. Rxf1 b6 24. Qc3 d4 25. exd4 exd4 26. Qd3
Ne5 27. Qe2 Nc6 28. Re1 Qd5 29. Qe4 Qxb5 30. g4 d3 31. cxd3 Rxd3 32. Re2 Qc5+
33. Kb1 Rd1+ 34. Ka2 Nd4 35. Qe8+ Kb7 36. Qe4+ 1/2-1/2

[Event "FRA Cup 0708"]
[Site "FRA"]
[Date "2008.03.30"]
[Round "?"]
[White "Saunders, Mark"]
[Black "Galby, Vassili"]
[Result "0-1"]
[WhiteElo "1808"]
[BlackElo "2069"]
[PlyCount "58"]
[EventDate "2008.05.25"]
[EventType "team-match"]
[EventCountry "FRA"]

1. e4 c5 2. d4 cxd4 3. c3 Nf6 4. e5 Nd5 5. cxd4 Nc6 6. Nc3 Nxc3 7. bxc3 d6 8.
f4 e6 9. Nf3 Be7 10. Bd3 h6 11. O-O b6 12. a4 Bb7 13. f5 exf5 14. d5 Nxe5 15.
Nxe5 dxe5 16. Bb5+ Kf8 17. Rxf5 Qxd5 18. Qe2 Bc5+ 19. Kh1 Rd8 20. Bf4 Qxg2+ 21.
Qxg2 Bxg2+ 22. Kxg2 exf4 23. Re5 g5 24. Rae1 Kg7 25. a5 Rd2+ 26. Kh3 Bd6 27.
R5e4 f5 28. Re6 g4+ 29. Kh4 Rxh2# 0-1

[Event "FRA Cup 0708"]
[Site "FRA"]
[Date "2008.02.17"]
[Round "?"]
[White "Sanders, Mark"]
[Black "Ranc, Florian"]
[Result "1-0"]
[WhiteElo "1806"]
[BlackElo "1855"]
[PlyCount "98"]
[EventDate "2008.05.25"]
[EventType "team-match"]
[EventCountry "FRA"]

1. e4 d5 2. exd5 Qxd5 3. Nc3 Qa5 4. d4 c6 5. Nf3 Bf5 6. Bd3 Bg6 7. Bf4 Nf6 8.
Qe2 e6 9. Ne5 Nd5 10. Nxg6 hxg6 11. Bd2 Nd7 12. Ne4 Qc7 13. g3 N7f6 14. Ng5
O-O-O 15. a3 Nh7 16. Nf3 Be7 17. c4 Nb6 18. Ba5 c5 19. b4 Qc6 20. Be4 Qa4 21.
Bc2 Qc6 22. bxc5 Ng5 23. Bd1 Rxd4 24. Nxd4 Qxh1+ 25. Kd2 Bxc5 26. Nb3 Bxf2 27.
c5 Rxh2 28. Qb5 Bxc5+ 29. Be2 Qd5+ 30. Kc2 Qe4+ 31. Kd1 Rh1+ 32. Be1 Qd5+ 33.
Kc2 Be3 34. Qe8+ Kc7 35. Qe7+ Qd7 36. Qb4 Qc6+ 37. Kb2 Nd5 38. Qa5+ Qb6 39. Qa4
Rh2 40. Qc4+ Qc6 41. Qd3 Kb8 42. g4 Rg2 43. Ra2 Nf3 44. Bd2 Bxd2 45. Nxd2 Nxd2
46. Qxd2 Qb5+ 47. Ka1 Rg1+ 48. Bd1 Qf1 49. Kb2 Rg2 1-0

[Event "FRA Cup 0708"]
[Site "FRA"]
[Date "2008.02.18"]
[Round "2"]
[White "Vainguer, Guillaume"]
[Black "Beaurain, Louis"]
[Result "1-0"]
[WhiteElo "1790"]
[BlackElo "1782"]
[PlyCount "77"]
[EventDate "2008.05.25"]
[EventType "team-match"]
[EventCountry "FRA"]

1. d4 d5 2. Nf3 e6 3. Bf4 c5 4. e3 Bd7 5. c4 Nf6 6. Nc3 Be7 7. Qb3 Nh5 8. Be5
Bc6 9. cxd5 exd5 10. Bb5 c4 11. Qa4 O-O 12. Rb1 a6 13. Bxc6 Nxc6 14. O-O f5 15.
Ne2 Qe8 16. Qd1 Nxe5 17. Nxe5 Nf6 18. Nf4 Bd6 19. b3 b5 20. bxc4 dxc4 21. a4
Bxe5 22. dxe5 Qxe5 23. Qc2 Rad8 24. h3 g5 25. Ne2 Nd5 26. axb5 Nxe3 27. fxe3
Qxe3+ 28. Kh1 Rd2 29. Qxc4+ Rf7 30. Rxf5 Rdd7 31. bxa6 Rc7 32. Rb8+ Kg7 33.
Rxf7+ Rxf7 34. Qd4+ Qxd4 35. Nxd4 Rf1+ 36. Kh2 Ra1 37. Rb7+ Kf6 38. a7 Ke5 39.
Nb5 1-0

[Event "FRA Cup 0708"]
[Site "FRA"]
[Date "2008.02.17"]
[Round "?"]
[White "Rahal, Sami"]
[Black "Tarayre, Pascal"]
[Result "1-0"]
[WhiteElo "1750"]
[BlackElo "1809"]
[PlyCount "53"]
[EventDate "2008.05.25"]
[EventType "team-match"]
[EventCountry "FRA"]

1. d4 Nf6 2. Bf4 g6 3. e3 Bg7 4. c3 d6 5. Nf3 Nh5 6. Bg3 Nxg3 7. hxg3 Nc6 8.
Nbd2 e5 9. Be2 f5 10. Qb3 Qf6 11. O-O-O e4 12. Ne1 d5 13. Nc2 a5 14. Qxd5 Be6
15. Qb5 O-O-O 16. Nb3 Rd5 17. Nc5 Rxc5 18. Qxc5 Bxa2 19. Bc4 Bf8 20. Qb5 Bxc4
21. Qxc4 Bd6 22. Rxh7 Rxh7 23. Qg8+ Bf8 24. Qxh7 a4 25. Qg8 g5 26. Rh1 Kd7 27.
Rh7+ 1-0

[Event "FRA Cup 0708"]
[Site "FRA"]
[Date "2008.03.30"]
[Round "?"]
[White "David, P."]
[Black "Forestie, Pierre"]
[Result "0-1"]
[WhiteElo "1560"]
[BlackElo "2032"]
[PlyCount "54"]
[EventDate "2008.05.25"]
[EventType "team-match"]
[EventCountry "FRA"]

1. e4 e5 2. Nf3 Nc6 3. d4 exd4 4. Nxd4 Bc5 5. Be3 Qf6 6. c3 Nge7 7. Be2 d5 8.
Nf5 dxe4 9. Bxc5 Qxf5 10. Be3 Qg6 11. g3 O-O 12. h4 Rd8 13. Nd2 Nd5 14. h5 Qf5
15. Qc2 Nxe3 16. fxe3 Qg5 17. O-O-O Be6 18. Nc4 Bxc4 19. Bxc4 Qxe3+ 20. Kb1 Ne5
21. Bd5 Nd3 22. Qb3 Rd6 23. Bxf7+ Kh8 24. Qxb7 Rf8 25. Qxc7 Qe2 26. Qb7 Rb6 27.
Rd2 Qxd2 0-1

[Event "FRA Cup 0708"]
[Site "FRA"]
[Date "2008.03.30"]
[Round "?"]
[White "Bougouin, Blaise"]
[Black "Fournier, Camille"]
[Result "0-1"]
[WhiteElo "1480"]
[BlackElo "2049"]
[PlyCount "54"]
[EventDate "2008.05.25"]
[EventType "team-match"]
[EventCountry "FRA"]

1. d4 d5 2. Nc3 Nf6 3. Nf3 Bf5 4. e3 e6 5. Ne5 Be7 6. Bd3 Bxd3 7. Qxd3 O-O 8.
O-O Nbd7 9. Nxd7 Qxd7 10. Bd2 a6 11. a3 c5 12. f3 Rac8 13. Kh1 Rfd8 14. Rac1
Bd6 15. Rfe1 e5 16. dxe5 Bxe5 17. f4 Bb8 18. Qf1 Qf5 19. Qd3 Qh5 20. Qf1 Rc6
21. Re2 b5 22. Be1 d4 23. Rd1 Bc7 24. exd4 cxd4 25. Na2 Ng4 26. Qg1 Nxh2 27.
Rd3 Nf3+ 0-1

[Event "FRA Cup 0607"]
[Site "Toulouse"]
[Date "2008.01.13"]
[Round "1"]
[White "Poussy"]
[Black "Roumel"]
[Result "1/2-1/2"]
[WhiteElo "1440"]
[BlackElo "1670"]
[PlyCount "61"]
[EventDate "2007.??.??"]
[EventType "team-match"]
[EventCountry "FRA"]

1. d4 d5 2. c4 Nf6 3. Nc3 e6 4. Nf3 Be7 5. e3 O-O 6. Bd3 c5 7. O-O Nc6 8. a3 b6
9. dxc5 bxc5 10. Qc2 e5 11. cxd5 Na5 12. e4 Bd6 13. Nb5 Bg4 14. Be2 a6 15. Nxd6
Qxd6 16. Bd2 Nb7 17. Bc3 Bxf3 18. Bxf3 a5 19. b3 h6 20. a4 Nh7 21. h4 Qe7 22.
Rad1 Qxh4 23. Bxe5 Ng5 24. Qd3 Rad8 25. Bg3 Nxf3+ 26. Qxf3 Qg5 27. Bf4 Qh4 28.
e5 g5 29. Be3 Qb4 30. Rb1 Rd7 31. d6 1/2-1/2

[Event "FRA Cup 0910"]
[Site "FRA"]
[Date "2009.11.29"]
[Round "2"]
[White "Le Gallen, Luc"]
[Black "Noragrega, Remi"]
[Result "1-0"]
[WhiteElo "2002"]
[BlackElo "1991"]
[PlyCount "75"]
[EventDate "2010.??.??"]
[EventType "team-match"]
[EventCountry "FRA"]

1. d4 e6 2. c4 Nf6 3. Nf3 Bb4+ 4. Bd2 Bxd2+ 5. Qxd2 b6 6. g3 Bb7 7. Bg2 O-O 8.
O-O Qe7 9. Nc3 d5 10. Ne5 Nbd7 11. cxd5 Nxe5 12. dxe5 Nxd5 13. Ne4 Rad8 14. Qc2
Nb4 15. Qa4 Bxe4 16. Bxe4 c5 17. Rad1 Qc7 18. Rd6 Rxd6 19. exd6 Qxd6 20. Qxa7
c4 21. Qa4 Qc5 22. Rc1 f5 23. Bf3 b5 24. Qa5 Nc6 25. Qc7 Qb4 26. Qxc6 Qxb2 27.
Qxe6+ Kh8 28. Rd1 c3 29. Qxf5 Qa3 30. Qc2 b4 31. Be4 Qa7 32. e3 g6 33. Rd4 Rb8
34. h4 Qe7 35. Qb3 Qc5 36. Rd7 Qf8 37. Qd5 Re8 38. Qd4+ 1-0

[Event "FRA Cup 0910"]
[Site "FRA"]
[Date "2009.11.29"]
[Round "2"]
[White "Chauve, Jean Christophe"]
[Black "Woloszyn, Florent"]
[Result "0-1"]
[WhiteElo "1990"]
[BlackElo "1997"]
[PlyCount "52"]
[EventDate "2010.??.??"]
[EventType "team-match"]
[EventCountry "FRA"]

1. Nf3 d5 2. d4 Nf6 3. c4 e6 4. Qc2 Nbd7 5. Nc3 c6 6. g3 Bd6 7. Bg2 O-O 8. O-O
Qe7 9. e4 dxe4 10. Ng5 Rd8 11. Ngxe4 Bc7 12. b3 Nf8 13. Bb2 e5 14. Nxf6+ Qxf6
15. d5 Bf5 16. Qe2 Qg6 17. Rad1 Bg4 18. f3 Bf5 19. a3 Bc2 20. b4 Bxd1 21. Rxd1
Re8 22. c5 cxd5 23. Nxd5 Rac8 24. Nxc7 Rxc7 25. f4 Rce7 26. Be4 exf4 0-1

[Event "FRA Cup 0910"]
[Site "FRA"]
[Date "2009.11.29"]
[Round "2"]
[White "Damo, Alain"]
[Black "Mesples, Jean Marc"]
[Result "0-1"]
[WhiteElo "1710"]
[BlackElo "1877"]
[PlyCount "44"]
[EventDate "2010.??.??"]
[EventType "team-match"]
[EventCountry "FRA"]

1. e4 e5 2. Nf3 Nc6 3. d4 exd4 4. Nxd4 Bc5 5. Nb3 Bb6 6. a4 a6 7. Nc3 Qf6 8.
Qe2 Nge7 9. Nd5 Nxd5 10. exd5+ Ne7 11. h4 h6 12. a5 Ba7 13. Ra4 O-O 14. Rf4 Qd6
15. c4 c6 16. Re4 Ng6 17. h5 Nh8 18. Bf4 Qb4+ 19. Nd2 Qxa5 20. Qd3 Qc5 21. Qg3
f5 22. Re5 Nf7 0-1

[Event "FRA Cup 0910"]
[Site "FRA"]
[Date "2009.11.29"]
[Round "2"]
[White "Golic, Nadil"]
[Black "Laporte, Pierre"]
[Result "0-1"]
[WhiteElo "1950"]
[BlackElo "1910"]
[PlyCount "81"]
[EventDate "2010.??.??"]
[EventType "team-match"]
[EventCountry "FRA"]
[WhiteTeam "Tournefeuille"]
[BlackTeam "Ramonville"]

1. d4 e6 2. c4 Nf6 3. Nc3 Bb4 4. Qc2 c5 5. e3 Nc6 6. Nf3 Bxc3+ 7. bxc3 b6 8. e4
h6 9. Bd3 Ba6 10. O-O cxd4 11. Nxd4 Ne5 12. Nb5 Bxb5 13. cxb5 Rc8 14. Ba3 Qc7
15. Bb4 d6 16. Be2 O-O 17. f4 Nc4 18. Qd3 Rfd8 19. g4 d5 20. e5 Ne4 21. Qd4 Rd7
22. Rfd1 Qd8 23. Rab1 Qh4 24. Kg2 h5 25. Bf3 hxg4 26. Bxe4 Qh3+ 27. Kg1 g3 28.
hxg3 Qxg3+ 29. Bg2 Ne3 30. Rd2 Rc4 31. Qd3 Rxf4 32. Re2 Rf3 33. Rbe1 Nxg2 34.
Qxf3 Qxf3 35. Rxg2 Rc7 36. Ree2 Rc4 37. a3 Rf4 38. Rgf2 Qg4+ 39. Rg2 Qf3 40.
Re1 g6 41. Be7 0-1

[Event "FRA Cup 0910"]
[Site "FRA"]
[Date "2009.11.29"]
[Round "1"]
[White "Zarrouati, Pierre"]
[Black "Brethes, Francois"]
[Result "1-0"]
[WhiteElo "2202"]
[BlackElo "2265"]
[PlyCount "83"]
[EventDate "2010.??.??"]
[EventType "team-match"]
[EventCountry "FRA"]
[WhiteTeam "Tournefeuille"]
[BlackTeam "Ramonville"]

1. d4 d5 2. Nf3 e6 3. g3 c5 4. Bg2 Nf6 5. O-O cxd4 6. Nxd4 e5 7. Nb5 Be6 8. c4
Nc6 9. cxd5 Qb6 10. dxc6 Qxb5 11. Nc3 Qa6 12. cxb7 Rb8 13. Bg5 Nd7 14. Rc1 f6
15. Be3 Bc5 16. Nd5 Bd6 17. Rc6 Qxc6 18. Nxf6+ gxf6 19. Bxc6 Ke7 20. Bxa7 Rbg8
21. Qd2 Nb8 22. Bf3 Rd8 23. Qh6 Bf7 24. Rd1 Na6 25. Bb6 Nc7 26. b8=Q Rxb8 27.
Rxd6 Kxd6 28. Qxf6+ Ne6 29. b4 Rxb6 30. Qxh8 Rxb4 31. Qxh7 Be8 32. Qd3+ Nd4 33.
Qa6+ Ke7 34. h4 Rb1+ 35. Kg2 Bb5 36. Qa7+ Kd6 37. Qb8+ Ke6 38. Qb6+ Kd7 39.
Bg4+ Ke7 40. Qc7+ Kf8 41. Qd6+ Kg8 42. Qg6+ 1-0

[Event "FRA Cup 0910"]
[Site "FRA"]
[Date "2009.11.29"]
[Round "1"]
[White "Grimmer, Jonathan"]
[Black "Cesbron, Guy"]
[Result "1/2-1/2"]
[WhiteElo "1884"]
[BlackElo "2125"]
[PlyCount "82"]
[EventDate "2010.??.??"]
[EventType "team-match"]
[EventCountry "FRA"]
[WhiteTeam "Tournefeuille"]
[BlackTeam "Ramonville"]

1. d4 e6 2. Nf3 f5 3. d5 Be7 4. dxe6 dxe6 5. Qxd8+ Bxd8 6. Bf4 Nf6 7. Nc3 O-O
8. O-O-O Nc6 9. h3 Ne4 10. Nxe4 fxe4 11. Ne5 Rxf4 12. Nxc6 Bg5 13. e3 Rxf2 14.
Ne5 Rf5 15. Nc4 b5 16. h4 Bf6 17. Nd2 Bb7 18. g4 Rd5 19. Bg2 Rd6 20. g5 Be5 21.
Bxe4 Bd5 22. Bxd5 Rxd5 23. Nf3 Bg3 24. e4 Rxd1+ 25. Kxd1 Rd8+ 26. Ke2 Bf4 27.
Rg1 g6 28. h5 gxh5 29. Rh1 Kg7 30. Rxh5 a6 31. Rh6 Rd6 32. Rh4 e5 33. Rh1 Rc6
34. c3 Rd6 35. Rf1 Rd7 36. a4 Kg6 37. Rh1 Kg7 38. Rh6 Rd6 39. axb5 axb5 40. Rh1
Ra6 41. Rd1 Rd6 1/2-1/2

[Event "FRA Cup 0910"]
[Site "FRA"]
[Date "2009.11.29"]
[Round "1"]
[White "Boutillon, Jean Francois"]
[Black "Hervet, Gilles"]
[Result "0-1"]
[WhiteElo "1499"]
[BlackElo "2045"]
[PlyCount "26"]
[EventDate "2010.??.??"]
[EventType "team-match"]
[EventCountry "FRA"]
[WhiteTeam "Tournefeuille"]
[BlackTeam "Ramonville"]

1. e4 d5 2. exd5 Nf6 3. Nf3 Qxd5 4. Nc3 Qa5 5. Bc4 Bg4 6. O-O Nc6 7. d3 Nd4 8.
Bd2 Qh5 9. Nd5 Nxf3+ 10. Qxf3 Bxf3 11. Nxc7+ Kd8 12. Nxa8 Qg4 13. g3 Qh3 0-1

[Event "FRA Cup 0910"]
[Site "FRA"]
[Date "2010.01.17"]
[Round "3"]
[White "Le Hetet, Nicolas"]
[Black "Golic, Nadil"]
[Result "1-0"]
[WhiteElo "2150"]
[BlackElo "1930"]
[PlyCount "41"]
[EventDate "2010.??.??"]
[EventType "team-match"]
[EventCountry "FRA"]
[WhiteTeam "Tournefeuille"]
[BlackTeam "Ramonville"]

1. e4 c6 2. d4 d5 3. e5 Bf5 4. h4 h6 5. g4 Bh7 6. e6 fxe6 7. Bd3 g6 8. Nh3 e5
9. dxe5 e6 10. Nf4 Ne7 11. Nxe6 Qc8 12. Nxf8 Rxf8 13. Bxh6 Rg8 14. Nd2 Qe6 15.
Qe2 Nd7 16. f4 O-O-O 17. O-O-O Nc5 18. Bg5 Rd7 19. Nb3 Nxd3+ 20. cxd3 b6 21.
Nd4 1-0